Příručka uživatele jazyka LISP/360

Uložené v:
Podrobná bibliografia
Hlavný autor: Müller, Karel
Korporativný autor: Univerzita Karlova v Praze
Médium: Kniha
Jazyk:Czech
Vydavateľské údaje: Praha Státní pedagogické nakladatelství 1984
Tagy: Pridať tag
Žiadne tagy, Buďte prvý, kto otaguje tento záznam!

MARC

LEADER 00000nam a2200000 4500
001 c113734
005 20190506134207.3
041 0 |a cze 
044 |a CZ 
245 1 0 |a Příručka uživatele jazyka LISP/360  |c Karel Müller 
264 1 |a Praha  |b Státní pedagogické nakladatelství  |c 1984 
300 |a 61 s. 
100 1 |a Müller, Karel 
710 2 |a Univerzita Karlova v Praze